[Event "BL2 Sued 2122 (Women)"]
[Site "Germany"]
[Date "2022.03.20"]
[Round "5.1"]
[White "Imnadze, Nato"]
[Black "Buervenich, Silvia"]
[Result "1-0"]
[WhiteElo "2238"]
[BlackElo "2180"]
[PlyCount "67"]
[EventDate "2021.11.27"]
[EventType "team-tourn"]
[EventRounds "7"]
[EventCountry "GER"]
[SourceTitle "EXT 2023"]
[Source "ChessBase"]
[SourceDate "2022.10.05"]
[SourceVersion "1"]
[SourceVersionDate "2022.10.05"]
[SourceQuality "1"]
[WhiteTeam "Forstenried (W)"]
[BlackTeam "Freiburg Zaehringen (W)"]
[WhiteTeamCountry "GER"]
[BlackTeamCountry "GER"]

1. e4 c5 2. Nc3 Nc6 3. Bb5 g6 4. Bxc6 dxc6 5. d3 Nf6 6. f4 Bg7 7. Nf3 0-0 8. 0-0 Ne8 9. Qe1 Nc7 10. Ne2 Ne6 11. Qh4 Bf6 12. Qf2 b6 13. Ne5 Qc7 14. Ng4 Bg7 15. f5 gxf5 16. Nh6+ Kh8 17. Nxf5 Bf6 18. Kh1 Nd4 19. Nexd4 cxd4 20. Nxd4 Rg8 21. Bf4 Qb7 22. Bd2 Rg6 23. Rae1 e5 24. Nf5 Be6 25. Nh4 Bxh4 26. Qxh4 Rag8 27. Re2 c5 28. Bc3 Qc7 29. Rf5 f6 30. Rxf6 Rg4 31. Qh6 Bf7 32. Ref2 Bg6 33. Rf8 Be8 34. Qf6+ 1-0

[Event "BL2 Sued 2122 (Women)"]
[Site "Germany"]
[Date "2022.03.19"]
[Round "4.1"]
[White "Buervenich, Silvia"]
[Black "Mayrhuber, Nikola"]
[Result "1-0"]
[WhiteElo "2180"]
[BlackElo "2119"]
[PlyCount "169"]
[EventDate "2021.11.27"]
[EventType "team-tourn"]
[EventRounds "7"]
[EventCountry "GER"]
[SourceTitle "EXT 2023"]
[Source "ChessBase"]
[SourceDate "2022.10.05"]
[SourceVersion "1"]
[SourceVersionDate "2022.10.05"]
[SourceQuality "1"]
[WhiteTeam "Freiburg Zaehringen (W)"]
[BlackTeam "Bayern Muenchen (W)"]
[WhiteTeamCountry "GER"]
[BlackTeamCountry "GER"]

1. c4 e6 2. Nf3 Nf6 3. g3 d5 4. Bg2 d4 5. d3 c5 6. b4 cxb4 7. a3 Nc6 8. Qa4 Bd7 9. 0-0 e5 10. axb4 Nxb4 11. Qb3 Qc7 12. Ba3 Nc6 13. Nbd2 Be7 14. Rfb1 Rb8 15. Bxe7 Nxe7 16. Rxa7 Bc6 17. Ng5 h6 18. Nge4 Nd7 19. Qb4 Nc8 20. Bh3 Bxe4 21. Nxe4 Nxa7 22. Nd6+ Kf8 23. Nb5+ Qc5 24. Nxa7 Qxb4 25. Rxb4 Ke7 26. Bg2 Nc5 27. Rb5 Kd6 28. Bd5 f6 29. Ra5 Ra8 30. e3 dxe3 31. fxe3 Rhb8 32. d4 exd4 33. exd4 Nb3 34. Nb5+ Kd7 35. Rxa8 Rxa8 36. Bxb7 Ra4 37. Bd5 Nd2 38. c5 Ra6 39. Bb7 Ra1+ 40. Kg2 Rc1 41. Kf2 Nb3 42. Ke3 Nxc5 43. dxc5 Rxc5 44. Nd4 f5 45. Ba6 Ke7 46. Bd3 Kf6 47. h3 Re5+ 48. Kd2 g5 49. g4 f4 50. Nf5 h5 51. Nd6 h4 52. Ne4+ Ke6 53. Bc4+ Ke7 54. Kd3 Ra5 55. Kd4 Kd7 56. Bd5 f3 57. Nc5+ Ke7 58. Bxf3 Ra3 59. Nd3 Kd6 60. Ke4 Ra4+ 61. Ke3 Ra2 62. Be2 Ra3 63. Bd1 Ke6 64. Kd4 Ra1 65. Nf2 Rb1 66. Bc2 Rb4+ 67. Ke3 Rb2 68. Bf5+ Kf7 69. Ne4 Rh2 70. Nxg5+ Kg8 71. Kf4 Rh1 72. Be4 Rh2 73. Nf3 Rxh3 74. Kg5 Rh1 75. Nxh4 Re1 76. Bg6 Rg1 77. Nf5 Kf8 78. Bh5 Ra1 79. Kh6 Ra5 80. Nh4 Ra4 81. Ng6+ Kg8 82. g5 Ra7 83. Ne5 Kh8 84. Bf7 Ra6+ 85. Ng6+ 1-0

[Event "Hasselbacken op (Women)"]
[Site "Stockholm"]
[Date "2001.08.05"]
[Round "9"]
[White "Buervenich, Silvia"]
[Black "Berg, Susanne"]
[Result "1/2-1/2"]
[WhiteElo "2205"]
[BlackElo "2076"]
[PlyCount "158"]
[EventDate "2001.07.28"]
[EventType "swiss"]
[EventRounds "9"]
[EventCountry "SWE"]
[SourceTitle "EXT 2002"]
[Source "ChessBase"]
[SourceDate "2001.11.25"]
[SourceVersion "1"]
[SourceVersionDate "2001.11.25"]
[SourceQuality "1"]

1. c4 e6 2. g3 d5 3. Bg2 c5 4. cxd5 exd5 5. Nf3 d4 6. 0-0 Nf6 7. d3 Be7 8. Bg5 Nc6 9. Nbd2 Bd7 10. Rc1 b6 11. Nc4 0-0 12. Nfe5 Nxe5 13. Nxe5 Rc8 14. Nxd7 Qxd7 15. Qb3 h6 16. Bd2 Rcd8 17. a4 Bd6 18. Qb5 Qxb5 19. axb5 Rfe8 20. Rfe1 Re7 21. Kf1 g5 22. Ra1 Bb8 23. h3 Nd5 24. Rec1 Kg7 25. Rc4 Re5 26. Raa4 Rde8 27. Bxd5 Rxd5 28. b4 cxb4 29. Raxb4 Red8 30. Kg2 Kh7 31. Bc1 R8d7 32. Bb2 Be5 33. g4 Bg7 34. Kg3 Be5+ 35. Kg2 Bg7 36. Bc1 Be5 37. Kf3 Bg7 38. Kg3 Re7 39. Kf3 Red7 40. Bb2 Bf6 41. e3 Be7 42. Rb3 dxe3 43. fxe3 Rxd3 44. Rxd3 Rxd3 45. Bd4 Bc5 46. Bxc5 bxc5 47. Rxc5 Rb3 48. Rc7 Kg7 49. Rb7 Rb4 50. Ke2 Kg6 51. Kd3 Ra4 52. Kc3 f6 53. Kb3 Ra1 54. Re7 Rb1+ 55. Kc4 Rc1+ 56. Kd5 Rb1 57. Rb7 Rb3 58. Kc5 Ra3 59. Re7 h5 60. Re6 hxg4 61. hxg4 Rc3+ 62. Kb4 Rc7 63. Re8 Rc1 64. Rg8+ Kf7 65. Ra8 Ra1 66. Kc5 Ra5 67. Kc6 Kg7 68. Re8 Kf7 69. Re4 Kg6 70. Re7 Kh6 71. e4 Kg6 72. Rd7 Ra4 73. Kd5 Ra5 74. Kc6 Ra4 75. Re7 Ra1 76. Rb7 Ra2 77. Kc7 Ra5 78. Kc6 Ra4 79. Re7 Ra1 1/2-1/2

[Event "Hasselbacken op (Women)"]
[Site "Stockholm"]
[Date "2001.08.01"]
[Round "5"]
[White "Buervenich, Silvia"]
[Black "Jiretorn, Eva"]
[Result "1/2-1/2"]
[WhiteElo "2205"]
[BlackElo "2084"]
[PlyCount "91"]
[EventDate "2001.07.28"]
[EventType "swiss"]
[EventRounds "9"]
[EventCountry "SWE"]
[SourceTitle "EXT 2002"]
[Source "ChessBase"]
[SourceDate "2001.11.25"]
[SourceVersion "1"]
[SourceVersionDate "2001.11.25"]
[SourceQuality "1"]

1. c4 c5 2. b3 Nc6 3. Bb2 Nf6 4. g3 e5 5. Bg2 d6 6. Nc3 g6 7. e3 Bg7 8. Nge2 0-0 9. 0-0 Rb8 10. d3 Bg4 11. h3 Bd7 12. Kh2 a6 13. Qd2 b5 14. f4 b4 15. Nd5 exf4 16. gxf4 a5 17. d4 cxd4 18. Nxd4 Nxd5 19. Bxd5 Nxd4 20. Bxd4 Bxd4 21. Qxd4 Qb6 22. Rad1 Qxd4 23. Rxd4 Rb6 24. Bg2 Re8 25. c5 Ra6 26. Bb7 Ra7 27. c6 Bf5 28. Re1 Bc8 29. Bxc8 Rxc8 30. Rxd6 Rac7 31. Rc1 f5 32. Kg3 Kf7 33. Kf3 Ke7 34. Rd5 Rxc6 35. Rxc6 Rxc6 36. Rxa5 Rc2 37. Ra4 Kf6 38. h4 h5 39. Rxb4 Rxa2 40. Rb6+ Kg7 41. e4 fxe4+ 42. Kxe4 Rh2 43. b4 Rxh4 44. Ke5 Rh1 45. Ke4 Rb1 46. Kf3 1/2-1/2

[Event "Hasselbacken op (Women)"]
[Site "Stockholm"]
[Date "2001.07.29"]
[Round "2"]
[White "Rubene, Ilze"]
[Black "Buervenich, Silvia"]
[Result "0-1"]
[WhiteElo "2189"]
[BlackElo "2205"]
[PlyCount "94"]
[EventDate "2001.07.28"]
[EventType "swiss"]
[EventRounds "9"]
[EventCountry "SWE"]
[SourceTitle "EXT 2002"]
[Source "ChessBase"]
[SourceDate "2001.11.25"]
[SourceVersion "1"]
[SourceVersionDate "2001.11.25"]
[SourceQuality "1"]

1. d4 Nf6 2. c4 c5 3. d5 b5 4. Qc2 bxc4 5. e4 d6 6. Bxc4 g6 7. Nf3 Bg7 8. Nc3 0-0 9. 0-0 Ng4 10. h3 Ne5 11. Nxe5 Bxe5 12. Bh6 Re8 13. Rad1 Ba6 14. Nb5 Qb6 15. a4 Bxb5 16. axb5 a6 17. Ra1 Ra7 18. Qa4 Nd7 19. Rfb1 Rea8 20. bxa6 Rb8 21. Qc2 Qd8 22. Ra3 Bd4 23. Be3 Bxe3 24. Rxe3 Ne5 25. Bf1 Qb6 26. b3 c4 27. Bxc4 Nxc4 28. Qxc4 Rxa6 29. b4 Rba8 30. b5 Ra1 31. Ree1 R8a2 32. Qf1 Rxb1 33. Rxb1 f6 34. Qe1 Kf7 35. g4 Ra3 36. Kg2 Qd4 37. Qe2 Rd3 38. b6 Rd2 39. Qe1 Rxf2+ 40. Qxf2 Qxe4+ 41. Kg3 Qxb1 42. Qd4 Qb3+ 43. Kg2 Ke8 44. h4 Kd7 45. g5 f5 46. Kf1 Qf3+ 47. Ke1 Qe4+ 0-1

[Event "EU-ch (Women) 2nd"]
[Site "Warsaw"]
[Date "2001.04.29"]
[Round "7"]
[White "Mashinskaya, Iulia"]
[Black "Buervenich, Silvia"]
[Result "1-0"]
[WhiteElo "2318"]
[BlackElo "2224"]
[PlyCount "93"]
[EventDate "2001.04.22"]
[EventType "swiss"]
[EventRounds "11"]
[EventCountry "POL"]
[SourceTitle "CBM 082 Extra"]
[Source "ChessBase"]
[SourceDate "2001.07.03"]
[SourceVersion "1"]
[SourceVersionDate "2001.07.03"]
[SourceQuality "1"]

1. e4 c5 2. Nc3 Nc6 3. f4 e6 4. Nf3 d6 5. g3 Nge7 6. Bg2 Nd4 7. Nxd4 cxd4 8. Ne2 Qb6 9. d3 g6 10. 0-0 Bg7 11. g4 f5 12. Ng3 0-0 13. exf5 gxf5 14. gxf5 Nxf5 15. Nxf5 Rxf5 16. Be4 Bd7 17. Rf2 Bc6 18. Rg2 Raf8 19. Kh1 R8f7 20. Bd2 Kf8 21. b4 R5f6 22. Qe2 Bh6 23. Qg4 Ke7 24. Qh4 Kd7 25. Rf1 Qa6 26. Rgf2 Bxe4+ 27. dxe4 Qc4 28. f5 Bxd2 29. fxe6+ Qxe6 30. Rxf6 Rxf6 31. Rxf6 Qxa2 32. Qg4+ Kc7 33. Qg7+ Kc6 34. b5+ Kb6 35. Rxd6+ Ka5 36. Qc7+ Ka4 37. Rxd4+ Bb4 38. Qc4 Qxc4 39. Rxc4 Kxb5 40. Rc7 Kb6 41. Rxh7 a5 42. e5 Kc6 43. e6 b5 44. Ra7 a4 45. e7 Bxe7 46. Rxe7 Kc5 47. h4 1-0

[Event "Rilton Cup 30th"]
[Site "Stockholm"]
[Date "2000.12.28"]
[Round "2"]
[White "Buervenich, Silvia"]
[Black "Engstrom, Staffan"]
[Result "1-0"]
[WhiteElo "2201"]
[BlackElo "2029"]
[PlyCount "73"]
[EventDate "2000.12.27"]
[EventType "swiss"]
[EventRounds "9"]
[EventCountry "SWE"]
[SourceTitle "CBM 079 Extra"]
[Source "ChessBase"]
[SourceDate "2001.01.11"]
[SourceVersion "2"]
[SourceVersionDate "2001.01.25"]
[SourceQuality "1"]

1. e4 e6 2. d4 d5 3. Nd2 c5 4. exd5 Qxd5 5. Ngf3 cxd4 6. Bc4 Qd6 7. 0-0 Nf6 8. Nb3 Nc6 9. Nbxd4 Nxd4 10. Nxd4 a6 11. Re1 Qc7 12. Bb3 Bd6 13. Nf5 Bxh2+ 14. Kh1 0-0 15. Nxg7 Rd8 16. Qf3 Kxg7 17. Bh6+ Kg6 18. c3 Nh5 19. Re4 Kxh6 20. Rh4 Be5 21. Re1 Kg7 22. Qxh5 f5 23. Rxe5 Kh8 24. Re3 Rf8 25. Reh3 Rf7 26. Rd4 Qe7 27. Rhd3 Rf8 28. Qh6 b5 29. Rd6 e5 30. Be6 e4 31. Rd7 Bxd7 32. Rxd7 Qxd7 33. Bxd7 Rad8 34. Qe6 Kg7 35. a4 Rf7 36. Qe5+ Kg6 37. Be8 1-0

[Event "Olympiad Women-34"]
[Site "Istanbul"]
[Date "2000.11.10"]
[Round "13.2"]
[White "Buervenich, Silvia"]
[Black "Munguntuul, Batkhuyag"]
[Result "1-0"]
[WhiteElo "2201"]
[BlackElo "2261"]
[PlyCount "57"]
[EventDate "2000.10.28"]
[EventType "team-swiss"]
[EventRounds "14"]
[EventCountry "TUR"]
[SourceTitle "EXT 2001"]
[Source "ChessBase"]
[SourceDate "2000.11.22"]
[SourceVersion "1"]
[SourceVersionDate "2000.11.22"]
[SourceQuality "1"]
[WhiteTeam "Sweden (W)"]
[BlackTeam "Mongolia (W)"]
[WhiteTeamCountry "SWE"]
[BlackTeamCountry "MGL"]

1. e4 c5 2. Nf3 Nc6 3. d4 cxd4 4. Nxd4 g6 5. c4 Nf6 6. Nc3 Nxd4 7. Qxd4 d6 8. Bg5 Bg7 9. Qd2 0-0 10. Bd3 Be6 11. 0-0 Qa5 12. Nd5 Qxd2 13. Nxe7+ Kh8 14. Bxd2 Rfe8 15. Nd5 Bxd5 16. exd5 Nd7 17. Be3 Nb6 18. Rab1 Na4 19. b4 Nc3 20. Rb3 b6 21. Rc1 Ne4 22. g3 Rac8 23. Bxe4 Rxe4 24. c5 Re5 25. Rd3 Kg8 26. Bf4 Re4 27. Bxd6 Rxb4 28. c6 Rb5 29. Be7 1-0

[Event "Olympiad Women-34"]
[Site "Istanbul"]
[Date "2000.11.09"]
[Round "12.1"]
[White "Buervenich, Silvia"]
[Black "Misanovic, Vesna"]
[Result "0-1"]
[WhiteElo "2201"]
[BlackElo "2384"]
[PlyCount "70"]
[EventDate "2000.10.28"]
[EventType "team-swiss"]
[EventRounds "14"]
[EventCountry "TUR"]
[SourceTitle "EXT 2001"]
[Source "ChessBase"]
[SourceDate "2000.11.22"]
[SourceVersion "1"]
[SourceVersionDate "2000.11.22"]
[SourceQuality "1"]
[WhiteTeam "Sweden (W)"]
[BlackTeam "Bosnia&Herzegovina (W)"]
[WhiteTeamCountry "SWE"]
[BlackTeamCountry "BIH"]

1. e4 e5 2. Nf3 Nc6 3. Bb5 a6 4. Ba4 Nf6 5. 0-0 Bc5 6. d3 d6 7. a3 b5 8. Bb3 Bg4 9. Bg5 h6 10. Bh4 g5 11. Bg3 Qe7 12. Nbd2 Kf8 13. c3 Bb6 14. Re1 Rd8 15. Qc1 Nh5 16. Bd5 Nb8 17. a4 c6 18. Bb3 Nd7 19. axb5 axb5 20. d4 Nxg3 21. hxg3 h5 22. Bd1 h4 23. gxh4 gxh4 24. Nxe5 Nxe5 25. dxe5 Bxd1 26. Qxd1 dxe5 27. Qe2 h3 28. Nf1 hxg2 29. Ng3 Qh4 30. Kxg2 Qh3+ 31. Kf3 Rh6 32. Qf1 Rf6+ 33. Ke2 Rxf2+ 34. Qxf2 Bxf2 35. Kxf2 Qh2+ 0-1

[Event "Olympiad Women-34"]
[Site "Istanbul"]
[Date "2000.11.08"]
[Round "11.2"]
[White "Buervenich, Silvia"]
[Black "Pitam, Ella"]
[Result "1-0"]
[WhiteElo "2201"]
[BlackElo "2323"]
[PlyCount "113"]
[EventDate "2000.10.28"]
[EventType "team-swiss"]
[EventRounds "14"]
[EventCountry "TUR"]
[SourceTitle "EXT 2001"]
[Source "ChessBase"]
[SourceDate "2000.11.22"]
[SourceVersion "1"]
[SourceVersionDate "2000.11.22"]
[SourceQuality "1"]
[WhiteTeam "Sweden (W)"]
[BlackTeam "Israel (W)"]
[WhiteTeamCountry "SWE"]
[BlackTeamCountry "ISR"]

1. e4 e6 2. d4 d5 3. Nd2 c5 4. exd5 exd5 5. Ngf3 Nc6 6. Bb5 Bd6 7. dxc5 Bxc5 8. 0-0 Nge7 9. Nb3 Bd6 10. Bg5 0-0 11. Bh4 Bg4 12. Bg3 Bxg3 13. hxg3 Nf5 14. Qd3 Nh6 15. Nbd4 Qf6 16. c3 Bh5 17. Qd2 Bg6 18. Qf4 Nf5 19. Rad1 Nce7 20. Nxf5 Bxf5 21. g4 Be6 22. Qxf6 gxf6 23. g5 Kg7 24. Rfe1 Ng6 25. Rd4 Rh8 26. g3 h6 27. gxf6+ Kxf6 28. Nh4 Rag8 29. a3 Nxh4 30. Rxh4 Rg5 31. Bf1 h5 32. Bh3 Rd8 33. Rf4+ Ke7 34. Kg2 Rd6 35. Rb4 Kf6 36. Bxe6 fxe6 37. Rxb7 a6 38. f4 Rg4 39. Rh7 d4 40. cxd4 Rxd4 41. Rxh5 Rd3 42. Rh6+ Kf7 43. Rexe6 Rgxg3+ 44. Kf2 Rdf3+ 45. Ke2 Rb3 46. Rb6 Rbe3+ 47. Kd2 Ref3 48. Rh7+ Kg8 49. Rd7 Rg2+ 50. Kc1 Rf1+ 51. Rd1 Rxf4 52. Rxa6 Rc4+ 53. Kb1 Rc8 54. Rb6 Rf2 55. Rb7 Re8 56. Ka2 Rg2 57. Rd4 1-0

[Event "Olympiad Women-34"]
[Site "Istanbul"]
[Date "2000.10.29"]
[Round "2.2"]
[White "Sheremetieva, Marina"]
[Black "Buervenich, Silvia"]
[Result "1/2-1/2"]
[WhiteElo "2340"]
[BlackElo "2201"]
[PlyCount "97"]
[EventDate "2000.10.28"]
[EventType "team-swiss"]
[EventRounds "14"]
[EventCountry "TUR"]
[SourceTitle "EXT 2001"]
[Source "ChessBase"]
[SourceDate "2000.11.22"]
[SourceVersion "1"]
[SourceVersionDate "2000.11.22"]
[SourceQuality "1"]
[WhiteTeam "Moldova (W)"]
[BlackTeam "Sweden (W)"]
[WhiteTeamCountry "MDA"]
[BlackTeamCountry "SWE"]

1. e4 c5 2. Nf3 d6 3. Bb5+ Nd7 4. 0-0 Ngf6 5. Re1 a6 6. Bf1 Ne5 7. Nxe5 dxe5 8. a4 b6 9. d3 e6 10. Nc3 Be7 11. Kh1 0-0 12. f4 Qc7 13. Qf3 Bd6 14. f5 exf5 15. exf5 Bb7 16. Ne4 Be7 17. Qg3 Kh8 18. Bd2 Nxe4 19. dxe4 c4 20. b3 b5 21. bxc4 bxc4 22. a5 f6 23. Ra4 Qd7 24. Rxc4 Qxd2 25. Rc7 Rfe8 26. Rxb7 Qxa5 27. Reb1 Qc5 28. Qb3 Rec8 29. Bd3 a5 30. Qa4 Bf8 31. h3 Qc6 32. Qxc6 Rxc6 33. Bb5 Rxc2 34. Bd7 Bb4 35. Rd1 Rd8 36. Rd5 Rd2 37. Be6 R2xd5 38. Bxd5 h5 39. g4 Kh7 40. g5 fxg5 41. f6 Bf8 42. Ra7 Kg6 43. fxg7 Bxg7 44. Bf7+ Kh7 45. Bxh5 Rd4 46. Bg4 a4 47. Bf5+ Kg8 48. Be6+ Kh7 49. Bf5+ 1/2-1/2

[Event "Skelleftea op (Women)"]
[Site "Skelleftea"]
[Date "2000.??.??"]
[Round "7"]
[White "Jiretorn, Eva"]
[Black "Buervenich, Silvia"]
[Result "1/2-1/2"]
[WhiteElo "2096"]
[BlackElo "2188"]
[PlyCount "82"]
[EventDate "2000.??.??"]
[EventType "swiss"]
[EventRounds "8"]
[EventCountry "SWE"]
[SourceTitle "EXT 2001"]
[Source "ChessBase"]
[SourceDate "2000.11.22"]
[SourceVersion "1"]
[SourceVersionDate "2000.11.22"]
[SourceQuality "1"]

1. d4 Nf6 2. c4 c5 3. dxc5 e6 4. a3 Bxc5 5. e3 0-0 6. Nf3 b6 7. Nc3 Bb7 8. Bd3 d5 9. cxd5 exd5 10. 0-0 Nbd7 11. b4 Bd6 12. Nb5 Bb8 13. Bb2 a6 14. Nbd4 Ne5 15. Rc1 Qd6 16. g3 Nxd3 17. Qxd3 g6 18. b5 Ne4 19. Nc6 f6 20. Rfd1 Nc5 21. Qxd5+ Qxd5 22. Rxd5 axb5 23. Nfd4 Be5 24. Rxe5 fxe5 25. Nxe5 Rfc8 26. Rd1 Na4 27. Bc1 Nc3 28. Re1 Bd5 29. Nd7 Rc7 30. Nxb6 Rb8 31. Nxd5 Nxd5 32. e4 Rc4 33. Nxb5 Rxb5 34. exd5 Rxd5 35. Be3 Ra4 36. Rc1 Rd7 37. Rc3 Kf7 38. Kg2 Ke6 39. h4 h5 40. Rb3 Ra5 41. Rc3 Rad5 1/2-1/2

[Event "Skelleftea op (Women)"]
[Site "Skelleftea"]
[Date "2000.??.??"]
[Round "3"]
[White "Kludacz, Magdalena"]
[Black "Buervenich, Silvia"]
[Result "0-1"]
[WhiteElo "2261"]
[BlackElo "2188"]
[PlyCount "56"]
[EventDate "2000.??.??"]
[EventType "swiss"]
[EventRounds "8"]
[EventCountry "SWE"]
[SourceTitle "EXT 2001"]
[Source "ChessBase"]
[SourceDate "2000.11.22"]
[SourceVersion "1"]
[SourceVersionDate "2000.11.22"]
[SourceQuality "1"]

1. d4 Nf6 2. c4 c5 3. d5 b5 4. Nd2 bxc4 5. e4 d6 6. Bxc4 g6 7. b3 Bg7 8. Bb2 Nbd7 9. Ngf3 0-0 10. 0-0 Nb6 11. h3 Nxc4 12. bxc4 Qa5 13. Qc2 e6 14. Bc3 Qa6 15. Qb2 e5 16. a4 Bd7 17. Rfb1 Qc8 18. a5 Bxh3 19. gxh3 Qxh3 20. Nh2 Nh5 21. Ndf1 f5 22. Ra3 Nf4 23. Ne3 fxe4 24. Rf1 Bh6 25. Qc2 Nd3 26. Ng2 Rf5 27. f3 Rh5 28. Ne1 Be3+ 0-1

[Event "DDMM (Women)"]
[Site "Weilburg"]
[Date "1999.??.??"]
[Round "3.1"]
[White "Virnik, Elena"]
[Black "Buervenich, Silvia"]
[Result "1/2-1/2"]
[WhiteElo "2160"]
[BlackElo "2185"]
[PlyCount "69"]
[EventDate "1999.??.??"]
[EventType "team"]
[EventRounds "5"]
[EventCountry "GER"]
[SourceTitle "EXT 2000"]
[Source "ChessBase"]
[SourceDate "1999.11.16"]
[SourceVersion "1"]
[SourceVersionDate "1999.11.16"]
[SourceQuality "1"]

1. e4 c5 2. Nf3 d6 3. d4 cxd4 4. Nxd4 Nf6 5. Nc3 a6 6. Be3 e5 7. Nb3 Be6 8. f3 Be7 9. Qd2 0-0 10. 0-0-0 b5 11. g4 b4 12. Nd5 Bxd5 13. exd5 a5 14. Kb1 Nbd7 15. h4 Nb6 16. Bxb6 Qxb6 17. h5 a4 18. Nc1 Ra5 19. Bc4 Rc8 20. b3 axb3 21. cxb3 Nd7 22. g5 f5 23. gxf6 Bxf6 24. Bd3 Nc5 25. Bf5 Rca8 26. h6 g6 27. Qc2 e4 28. Bxe4 Nxe4 29. Qxe4 Be5 30. Rd2 Rf8 31. Re2 Rf4 32. Qe3 Qxe3 33. Rxe3 Rxd5 34. Nd3 Rfd4 35. Nxe5 1/2-1/2

[Event "Rilton Cup 28th"]
[Site "Stockholm"]
[Date "1998.12.28"]
[Round "1"]
[White "Bellon Lopez, Juan Manuel"]
[Black "Buervenich, Silvia"]
[Result "1-0"]
[WhiteElo "2490"]
[BlackElo "2170"]
[PlyCount "73"]
[EventDate "1998.12.28"]
[EventType "swiss"]
[EventRounds "9"]
[EventCountry "SWE"]
[SourceTitle "CBM 068 Extra"]
[Source "ChessBase"]
[SourceDate "1999.03.01"]
[SourceVersion "1"]
[SourceVersionDate "1999.03.01"]
[SourceQuality "1"]

1. d4 Nf6 2. Bg5 c5 3. Bxf6 gxf6 4. d5 Qb6 5. Qc1 f5 6. e3 Bg7 7. c3 Qf6 8. a4 0-0 9. Na3 d6 10. Qd2 b6 11. Nh3 Kh8 12. Be2 Rg8 13. 0-0 Nd7 14. a5 Ne5 15. f4 Nd7 16. Rf3 Bf8 17. a6 e6 18. Ng5 Qe7 19. Nxf7+ Qxf7 20. dxe6 Qf6 21. exd7 Bxd7 22. Bc4 Rg7 23. Rg3 Rxg3 24. hxg3 Rb8 25. Qd3 Bc6 26. Bd5 Bxd5 27. Qxd5 b5 28. Rc1 Rb6 29. Rc2 b4 30. cxb4 cxb4 31. Nb5 Rxa6 32. Nd4 Ra1+ 33. Kf2 a5 34. Rc8 Rd1 35. Qe6 Qg7 36. Qxf5 Kg8 37. Rxf8+ 1-0

[Event "Stockholm op (Women)"]
[Site "Stockholm"]
[Date "1998.08.07"]
[Round "7"]
[White "Buervenich, Silvia"]
[Black "Rubene, Ilze"]
[Result "0-1"]
[WhiteElo "2170"]
[BlackElo "2165"]
[PlyCount "116"]
[EventDate "1998.08.??"]
[EventType "swiss"]
[EventRounds "9"]
[EventCountry "SWE"]
[SourceTitle "EXT 1999"]
[Source "ChessBase"]
[SourceDate "1998.11.16"]
[SourceVersion "1"]
[SourceVersionDate "1998.11.16"]
[SourceQuality "1"]

1. e4 c6 2. d4 g6 3. Nf3 Bg7 4. Bc4 d5 5. exd5 cxd5 6. Bd3 Bg4 7. c3 Nc6 8. Nbd2 Nf6 9. h3 Bxf3 10. Nxf3 0-0 11. 0-0 e6 12. Bf4 Qe7 13. Ne5 Nxe5 14. Bxe5 Rfc8 15. Qd2 Nd7 16. Bxg7 Kxg7 17. Rae1 a6 18. f4 Qh4 19. Kh2 Rc6 20. g3 Qd8 21. g4 Qc7 22. Kh1 Kh8 23. h4 Rg8 24. Qh2 Nf6 25. g5 Nh5 26. Be2 Ng7 27. Bg4 b5 28. h5 Nxh5 29. Bxh5 gxh5 30. Qxh5 b4 31. cxb4 Rc4 32. f5 Rxd4 33. Rf3 Re4 34. Rg1 exf5 35. Rxf5 Rg7 36. Rxd5 Rxb4 37. Rg2 Qc1+ 38. Kh2 Qf4+ 39. Kh3 Qe3+ 40. Kh2 Qf4+ 41. Kh1 Rxb2 42. Rxb2 Qe4+ 43. Kh2 Qxd5 44. Rb8+ Rg8 45. Rxg8+ Kxg8 46. Qe2 a5 47. a4 Qxg5 48. Qe8+ Kg7 49. Qb5 f6 50. Kh3 h5 51. Qd7+ Kh6 52. Qe8 Qg4+ 53. Kh2 Qf4+ 54. Kg2 Kg5 55. Qb5+ Qe5 56. Qd7 Qe2+ 57. Kh1 Qf3+ 58. Kh2 Qf2+ 0-1

[Event "Stockholm op (Women)"]
[Site "Stockholm"]
[Date "1998.08.05"]
[Round "5"]
[White "Buervenich, Silvia"]
[Black "Johansson, Viktoria"]
[Result "1-0"]
[WhiteElo "2170"]
[BlackElo "2165"]
[PlyCount "107"]
[EventDate "1998.08.??"]
[EventType "swiss"]
[EventRounds "9"]
[EventCountry "SWE"]
[SourceTitle "EXT 1999"]
[Source "ChessBase"]
[SourceDate "1998.11.16"]
[SourceVersion "1"]
[SourceVersionDate "1998.11.16"]
[SourceQuality "1"]

1. e4 c5 2. Nf3 d6 3. d4 cxd4 4. Nxd4 Nf6 5. Nc3 g6 6. Be2 Bg7 7. 0-0 0-0 8. Re1 Nc6 9. Nb3 Be6 10. Bf1 d5 11. Nc5 Bg4 12. f3 d4 13. Nb5 Bc8 14. c3 dxc3 15. Nxc3 Qb6 16. N3a4 Qc7 17. Nb3 Ne5 18. Bg5 b6 19. Rc1 Qb7 20. Nc3 Be6 21. f4 Rfd8 22. Qc2 Nc6 23. e5 Nb4 24. Qf2 Bxb3 25. axb3 Nfd5 26. Qf3 a6 27. Red1 b5 28. Bxe7 Qa7+ 29. Kh1 Nxe7 30. Ne4 Nbd5 31. Rd3 Rac8 32. Rcd1 Rc2 33. Nf6+ Bxf6 34. exf6 Re8 35. fxe7 Nxe7 36. Rd7 Qc5 37. Qb7 Rc1 38. Qxa6 Rxd1 39. Rxd1 Qh5 40. Re1 Qh4 41. g3 Qg4 42. Qxb5 Kf8 43. Bg2 Qc8 44. Qe5 Qd7 45. b4 Rd8 46. Bf3 h5 47. b5 h4 48. gxh4 Ng8 49. b6 Qh3 50. Bg2 Qxh4 51. b7 f6 52. Qe6 Kg7 53. Rf1 Qh5 54. Qb6 1-0

[Event "Stockholm op (Women)"]
[Site "Stockholm"]
[Date "1998.08.03"]
[Round "3"]
[White "Buervenich, Silvia"]
[Black "Agrest, Svetlana"]
[Result "1/2-1/2"]
[WhiteElo "2170"]
[BlackElo "2185"]
[PlyCount "71"]
[EventDate "1998.08.??"]
[EventType "swiss"]
[EventRounds "9"]
[EventCountry "SWE"]
[SourceTitle "EXT 1999"]
[Source "ChessBase"]
[SourceDate "1998.11.16"]
[SourceVersion "1"]
[SourceVersionDate "1998.11.16"]
[SourceQuality "1"]

1. e4 e5 2. Nf3 Nc6 3. Bb5 f5 4. Nc3 Nd4 5. Ba4 c6 6. 0-0 d6 7. d3 Nxf3+ 8. Qxf3 f4 9. Bb3 Nf6 10. Qd1 Qe7 11. d4 Bd7 12. Qd3 0-0-0 13. d5 c5 14. Ba4 Bxa4 15. Nxa4 Qd7 16. Nc3 g5 17. f3 h5 18. Qb5 Qxb5 19. Nxb5 a6 20. Nc3 g4 21. Ne2 gxf3 22. gxf3 Rg8+ 23. Kh1 Nh7 24. Bd2 Be7 25. Rg1 Ng5 26. Raf1 Nh3 27. Rxg8 Rxg8 28. Be1 h4 29. Ng1 Nxg1 30. Rxg1 Rxg1+ 31. Kxg1 h3 32. c4 b5 33. cxb5 axb5 34. Kf1 Kb7 35. Ke2 Bd8 36. Bf2 1/2-1/2

[Event "Stockholm op (Women)"]
[Site "Stockholm"]
[Date "1998.08.01"]
[Round "1"]
[White "Buervenich, Silvia"]
[Black "Dalmau, Anneli"]
[Result "1-0"]
[WhiteElo "2170"]
[BlackElo "2030"]
[PlyCount "81"]
[EventDate "1998.08.??"]
[EventType "swiss"]
[EventRounds "9"]
[EventCountry "SWE"]
[SourceTitle "EXT 1999"]
[Source "ChessBase"]
[SourceDate "1998.11.16"]
[SourceVersion "1"]
[SourceVersionDate "1998.11.16"]
[SourceQuality "1"]

1. e4 e5 2. Nf3 Nc6 3. Bb5 a6 4. Ba4 Nf6 5. 0-0 Nxe4 6. d4 b5 7. Bb3 d5 8. dxe5 Be6 9. Nbd2 Nc5 10. c3 Be7 11. Bc2 Bg4 12. Qe1 Ne6 13. a4 0-0 14. b4 Qd7 15. Qe3 Bh5 16. Bf5 Bg6 17. Bxg6 fxg6 18. axb5 axb5 19. Rxa8 Rxa8 20. Nb3 Ncd8 21. Qd3 c5 22. bxc5 Nb7 23. c6 Qxc6 24. Nbd4 Nxd4 25. Nxd4 Qc4 26. Qh3 Qc8 27. Qxc8+ Rxc8 28. Nxb5 Bc5 29. Re1 Re8 30. Nc7 Rf8 31. Be3 Bxe3 32. Rxe3 Kf7 33. Rf3+ Kg8 34. Rxf8+ Kxf8 35. Nxd5 g5 36. g3 g4 37. h3 h5 38. hxg4 hxg4 39. Ne3 Kf7 40. Nxg4 g5 41. f4 1-0